2024 7/ Calendrier de l'Avant Saint(e)s et fêtes - Statistiques

Statistiques générales
  • Ce quiz a été pris 4 fois
  • Le résultat moyen est 11 sur 24
Statistiques - réponses
Date Indices Initiale Saint(e) % Correct
3 Missionnaire F-X St {François-Xavier}
100%
4 Ascète J St {Jean} Damascène
100%
20 Orthodoxe J St {Jean} de Cronstadt
100%
14 Réformateur du Carmel J St {Jean} de la Croix
100%
2 Chanoine J St {Jean} Ruysbroeck
100%
6 Protecteur des enfants N St {Nicolas} de Smyrne
100%
1er Orfèvre E St {Eloi}
75%
13 Vierge et Martyre L Ste {Lucie}
75%
21 1er Jésuite hollandais P St {Pierre} Canisius
75%
9 Curé lorrain P St {Pierre} Fourier
75%
8 Evoque la pureté IC Immaculée Conception
50%
15 Fondatrice de l'Institut des Dames auxiliaires de la Miséricorde V Bse {Virginie} Bracelli
25%
12 Souvenir d'apparitions G Notre-Dame de {Guadalupe}
25%
7 Evêque de Milan A St {Ambroise}
25%
24 Ermite maronite C St {Charbel} Makhlouf
25%
23 Martyr en Arménie D St {David}
25%
22 Fondatrice de l’Institut des Sœurs missionnaires du Sacré-Cœur F-X Ste {Françoise-Xavière}
25%
11 Pape D St {Damase}
0%
10 Vierge et Martyre L Ste {Léocadie}
0%
17 Prieure Y Ste [Yolande}
0%
18 1er évêque de Tours G St {Gatien}
0%
16 Evêque de Jérusalem M St {Modeste}
0%
5 Fondateur d'une communauté S St {Sabas}
0%
19 Martyrs de 1839 T Sts martyrs du {Tonkin}
0%
Aucun quiz correspondant
Distribution des résultats
% des personnes avec chaque résultat
Percentile par nombre de réponses
Votre historique - résultats
Vous n’avez pas pris ce quiz